| 000 | 00469nja a2200181 a 4500 | ||
|---|---|---|---|
| 003 | BLK | ||
| 005 | 20180413144229.0 | ||
| 008 | 180410c bul|r|ner|||| 00| c0bul d | ||
| 010 | _aCDD00003864001 | ||
| 040 | _aBLK | ||
| 245 | 1 | 0 | _aConcerto in la maggiore |
| 257 | _aITA | ||
| 380 | _a7 | ||
| 773 |
_0221393 _9393287 _tI Concerti per Flauto e archi [CD аудио] |
||
| 852 | _aЦб CD 435 | ||
| 942 |
_cCDD _n0 |
||
| 944 |
_aCR _c06.02.2004 _kТеодора_Стоянова |
||
| 944 |
_aED _c25.03.2013 _k |
||
| 999 |
_c221394 _d221394 |
||